000 00547nam a2200181Ia 4500
008 090124s9999 xx 000 0 und d
082 _b25412
100 _aसाळगावकर शशिकला
245 _a कैलास
250 _a1
260 _bमेहता पब्लिशिंग हाऊस
_c1986
300 _a160
600 _aसाळगावकर शशिकला
630 _a कैलास
700 _aसाळगावकर शशिकला
730 _a कैलास
942 _cBOOK
999 _c93117
_d93117